00244nam a2200109Ia 4500008004100000100001000041245002900051260001600080260000900096546001200105999001700117170619s9999 xx 000 0 und d aPratt 0aSatellite Communications bM G H Wiley c2003 aENGLISH c17452d17452